Statistiques concernant They Shoot Pictures, Don't They? - films 641 à 660

Cliquez ici pour prendre le quiz!

Statistiques générales

  • Ce quiz a été pris 27 fois
  • Le résultat moyen est 7 sur 20

Statistiques - réponses

Réponse% Correct
Bambi
96%
Rocky
96%
Titanic
78%
Zodiac
74%
Amour
70%
Scarface
61%
Casque d'or
39%
Adieu ma concubine
35%
The Wicker Man
35%
La Grève
26%
Down by Law
22%
Une femme disparaît
22%
En avant, jeunesse !
17%
Nazarín
13%
Rebecca
13%
Apportez-moi la tête d'Alfredo Garcia
9%
La Dernière Chance
4%
Les Amants de la nuit
4%
Hoop Dreams
0%
The Watermelon Woman
0%

Distribution des résultats

Percentile par nombre de réponses

% des personnes avec chaque résultat

Votre développement - résultats

Vous n’avez pas pris ce quiz